|
|
|
|
| LEADER |
00000nam0a2200000 4500 |
| 001 |
672590 |
| 005 |
20240807111836.0 |
| 010 |
|
|
|a 978-5-6045984-0-5
|
| 090 |
|
|
|a 672590
|
| 100 |
|
|
|a 20240520d2023 km|y0rusy50 ca
|
| 101 |
0 |
|
|a rus
|
| 102 |
|
|
|a RU
|
| 105 |
|
|
|a a z 001yy
|
| 181 |
|
0 |
|a i
|b e
|
| 182 |
|
0 |
|a n
|
| 183 |
|
0 |
|a nc
|2 RDAcarrier
|
| 200 |
1 |
|
|a Америка против всех. Геополитика, государственность и глобальная роль США: история и современность
|e монография
|f А. В. Яковенко, К. А. Манасенко, О. Г. Карпович [и др.]
|
| 203 |
|
|
|a Текст
|b визуальный
|c непосредственный
|
| 210 |
|
|
|a Москва
|c Содружество культур
|d 2023
|
| 215 |
|
|
|a 586 с.
|c ил.
|
| 283 |
|
|
|a volume
|2 RDAcarrier
|
| 320 |
|
|
|a Библиография в тексте
|
| 330 |
|
|
|a Настоящее издание посвящено анализу и оценке исторической эволюции американской и в целом западной геополитической стратегии, рассмотренной через призму становления и развития США как государства. Работа состоит из четырех частей, в которых прослеживается формирование в Америке экспансионистских и империалистических идей, исторические корни американской государственности (XVII-XIX вв.), распространение гегемонии США в различных регионах, а также в глобальном масштабе (с конца XIX в. до нашего времени). Книгу завершает анализ недемократической сущности США, а также глубоких противоречий, свойственных политическому и социально-экономическому устройству современной Америки. Отдельное внимание уделено российскому вкладу в сохранение государственности США и ряда других западных держав, в борьбу с германским нацизмом, японским милитаризмом и попытками их возрождения после 1945 г., а также роли нашей страны в сломе колониализма и противодействии неоколониальным практикам. Представленный в книге анализ основывается на достижениях современной американистики и смежных дисциплин, широко используются документальные свидетельства, приведены обширные статистические данные и высказывания очевидцев и участников исторических событий. Отдельное внимание уделяется критическим оценкам общественно-политического строя и курса США, исходящим от видных западных интеллектуалов.
|
| 606 |
1 |
|
|a Внешняя политика США
|9 31175
|
| 610 |
1 |
|
|a политика
|
| 610 |
1 |
|
|a Соединенные Штаты Америки
|
| 610 |
1 |
|
|a геополитика
|
| 610 |
1 |
|
|a государственность
|
| 610 |
1 |
|
|a история
|
| 610 |
1 |
|
|a геополитические стратегии
|
| 610 |
1 |
|
|a гегемония
|
| 610 |
1 |
|
|a социально-экономическое устройство
|
| 610 |
1 |
|
|a американская империя
|
| 610 |
1 |
|
|a войны
|
| 610 |
1 |
|
|a международные отношения
|
| 610 |
1 |
|
|a глобализм
|
| 610 |
1 |
|
|a монографии
|
| 686 |
|
|
|2 rubbk
|a Ф4(7США)
|
| 701 |
|
1 |
|a Яковенко
|b А. В.
|
| 701 |
|
1 |
|a Манасенко
|b К. А.
|
| 701 |
|
1 |
|a Карпович
|b О. Г.
|
| 701 |
|
1 |
|a Крамаренко
|b А. М.
|
| 701 |
|
1 |
|a Егоров
|b В. Н.
|
| 701 |
|
1 |
|a Гришанов
|b А. А.
|
| 801 |
|
0 |
|a RU
|b 63413507
|
| 942 |
|
|
|c BK
|